FIFA FIFPro World XI - Statistics

Statistiche generali
  • Questo quiz è stato fatto 33 volte
  • Il punteggio medio è 183 su 198
Statistiche sulle risposte
Ruolo Nazione Squadra Calciatore % Corretto
Portiere Brasile Milan Dida
100%
Difensore talia Milan Paolo Maldini
100%
Difensore Marocco Paris Saint-Germain Achraf Hakimi
95%
Portiere Brasile Liverpool Alisson
95%
Portiere Brasile Liverpool Alisson
95%
Centrocampista Italia Milan Andrea Pirlo
95%
Centrocampista Spagna Barcellona Andrés Iniesta
95%
Centrocampista Spagna Barcellona Andrés Iniesta
95%
Centrocampista Spagna Barcellona Andrés Iniesta
95%
Centrocampista Spagna Barcellona Andrés Iniesta
95%
Centrocampista Spagna Barcellona Andrés Iniesta
95%
Centrocampista Spagna Barcellona Andrés Iniesta
95%
Centrocampista Spagna Barcellona Andrés Iniesta
95%
Centrocampista Spagna Barcellona Andrés Iniesta
95%
Centrocampista Spagna Barcellona Andrés Iniesta
95%
Attaccante Paesi Bassi Bayern Monaco Arjen Robben
95%
Centrocampista Portogallo Manchester United Cristiano Ronaldo
95%
Attaccante Portogallo Manchester United Cristiano Ronaldo
95%
Attaccante Portogallo Manchester United / Real Madrid Cristiano Ronaldo
95%
Attaccante Portogallo Real Madrid Cristiano Ronaldo
95%
Attaccante Portogallo BReal Madrid Cristiano Ronaldo
95%
Attaccante Portogallo Real Madrid Cristiano Ronaldo
95%
Attaccante Portogallo Ba Real Madrid Cristiano Ronaldo
95%
Attaccante Portogallo Real Madrid Cristiano Ronaldo
95%
Attaccante Portogallo Real Madrid Cristiano Ronaldo
95%
Attaccante Portogallo Real Madrid Cristiano Ronaldo
95%
Attaccante Portogallo Real Madrid Cristiano Ronaldo
95%
Attaccante Portogallo Real Madrid / Juventus Cristiano Ronaldo
95%
AAttaccante Portogallo Juventus Cristiano Ronaldo
95%
Attaccante Portogallo Juventus Cristiano Ronaldo
95%
Attaccante Portogallo Juventus / Manchester United Cristiano Ronaldo
95%
Difensore Brasile Barcellona Dani Alves
95%
Difensore Brasile Barcellona / Juventus Dani Alves
95%
Difensore Brasile Juventus / Paris Saint-Germain Dani Alves
95%
Difensore Brasile Paris Saint-Germain Dani Alves
95%
Attaccante Costa d'Avorio Chelsea Didier Drogba
95%
Attaccante Norvegia Borussia Dortmund Erling Haaland
95%
Attaccante Norvegia Borussia Dortmund / Manchester City Erling Haaland
95%
Difensore Italia Juventus Real Madrid Fabio Cannavaro
95%
Difensore Italia Real Madrid Fabio Cannavaro
95%
Difensore Spagna Barcellona Gerard Piqué
95%
Difensore Spagna Barcellona Gerard Piqué
95%
Difensore Spagna Barcellona Gerard Piqué
95%
Difensore Spagna Barcellona Gerard Piqué
95%
Difensore Italia Juventus / Barcellona Gianluca Zambrotta
95%
Portiere Italia Juventus Gianluigi Buffon
95%
Portiere Italia Juventus Gianluigi Buffon
95%
Portiere Italia Juventus Gianluigi Buffon
95%
Portiere 'Italia Milan / Paris Saint-Germain Gianluigi Donnarumma
95%
Portiere Spagna BanReal Madrid Iker Casillas
95%
Portiere Spagna Real Madrid Iker Casillas
95%
Portiere Spagna Real Madrid Iker Casillas
95%
Portiere Spagna Real Madrid Iker Casillas
95%
Portiere Spagna Real Madrid Iker Casillas
95%
Difensore Inghilterra Chelsea John Terry
95%
Difensore Inghilterra Chelsea John Terry
95%
Difensore Inghilterra Chelsea John Terry
95%
Difensore Inghilterra BaChelsea John Terry
95%
Difensore Inghilterra Chelsea John Terry
95%
Centrocampista Italia Chelsea Jorginho
95%
Centrocampista Brasile Milan Kaká
95%
Centrocampista Brasile Milan Kaká
95%
Centrocampista Brasile Milan Kaká
95%
Attaccante Francia Real Madrid Karim Benzema
95%
Centrocampista Belgio Manchester City Kevin De Bruyne
95%
Centrocampista Belgio Manchester City Kevin De Bruyne
95%
Centrocampista Belgio Manchester City Kevin De Bruyne
95%
Attaccante Francia Paris Saint-Germain Kylian Mbappé
95%
Attaccante Francia Paris Saint-Germain Kylian Mbappé
95%
Attaccante Francia Paris Saint-Germain Kylian Mbappé
95%
Difensore Italia Juventus / Milan Leonardo Bonucci
95%
Difensore Italia Juventus Leonardo Bonucci
95%
Attaccante Argentina Barcellona Lionel Messi
95%
AAttaccante Argentina Barcellona Lionel Messi
95%
Attaccante Argentina Barcellona Lionel Messi
95%
Attaccante Argentina BBarcellona Lionel Messi
95%
Attaccante Argentina Barcellona Lionel Messi
95%
Attaccante Argentina Barcellona Lionel Messi
95%
Attaccante Argentina Barcellona Lionel Messi
95%
Attaccante Argentina Barcellona Lionel Messi
95%
Attaccante Argentina Barcellona Lionel Messi
95%
Attaccante 'Argentina Barcellona Lionel Messi
95%
Attaccante Argentina Barcellona Lionel Messi
95%
Attaccante Argentina Barcellona Lionel Messi
95%
Attaccante Argentina Barcellona Lionel Messi
95%
Attaccante Argentina Barcellona Lionel Messi
95%
Attaccante Argentina Barcellona / Paris Saint-Germain Lionel Messi
95%
Attaccante Argentina Paris Saint-Germain Lionel Messi
95%
Attaccante Uruguay Barcellona Luis Suárez
95%
Centrocampista Croazia Real Madrid Luka Modrić
95%
Centrocampista Croazia Real Madrid Luka Modrić
95%
Centrocampista Croazia Real Madrid Luka Modrić
95%
Centrocampista Croazia Real Madrid Luka Modrić
95%
Centrocampista Croazia Real Madrid Luka Modrić
95%
Centrocampista Croazia Real Madrid Luka Modrić
95%
Difensore Brasile Inter Maicon
95%
Portiere Germania Bayern Monaco Manuel Neuer
95%
Portiere Germania Bayern Monaco Manuel Neuer
95%
Portiere Germania Bayern Monaco Manuel Neuer
95%
Portiere Germania Bayern Monaco Manuel Neuer
95%
Attaccante Brasile Barcellona Neymar
95%
Attaccante Brasile Barcellona / Paris Saint-Germain Neymar
95%
Centrocampista Francia Chelsea N'Golo Kanté
95%
Centrocampista Francia Chelsea N'Golo Kanté
95%
Attaccante Polonia Bayern Monaco Robert Lewandowski
95%
Attaccante Polonia Bayern Monaco Robert Lewandowski
95%
Attaccante Brasile Barcellona Ronaldinho
95%
Attaccante Brasile Barcellona Ronaldinho
95%
Attaccante Brasile Barcellona Ronaldinho
95%
Attaccante Camerun Barcellona Samuel Eto'o
95%
Attaccante Camerun Barcellona Samuel Eto'o
95%
Difensore Spagna Bandiera della Spagna Real Madrid Sergio Ramos
95%
Difensore Spagna Real Madrid Sergio Ramos
95%
Difensore Spagna Real Madrid Sergio Ramos
95%
Difensore Spagna Real Madrid Sergio Ramos
95%
Difensore Spagna Real Madrid Sergio Ramos
95%
Difensore Spagna Real Madrid Sergio Ramos
95%
Difensore Spagna Real Madrid Sergio Ramos
95%
Difensore Spagna Real Madrid Sergio Ramos
95%
Difensore Spagna Real Madrid Sergio Ramos
95%
Difensore Spagna Real Madrid Sergio Ramos
95%
Difensore Spagna Real Madrid Sergio Ramos
95%
Centrocampista Inghilterra Liverpool Steven Gerrard
95%
Centrocampista Inghilterra Liverpool Steven Gerrard
95%
Centrocampista Inghilterra Liverpool Steven Gerrard
95%
Difensore Brasile Paris Saint-Germain Thiago Silva
95%
Difensore Brasile Paris Saint-Germain Thiago Silva
95%
Difensore Brasile Paris Saint-Germain Thiago Silva
95%
Portiere Belgio Real Madrid Thibaut Courtois
95%
Attaccante Francia Arsenal Thierry Henry
95%
Centrocampista Germania Bayern Monaco / Real Madrid Toni Kroos
95%
Centrocampista Germania Real Madrid Toni Kroos
95%
Centrocampista Germania Real Madrid Toni Kroos
95%
Difensore Paesi Bassi Liverpool Virgil van Dijk
95%
Difensore Paesi Bassi Liverpool Virgil van Dijk
95%
Difensore Paesi Bassi Liverpool Virgil van Dijk
95%
Centrocampista Spagna Barcellona Xavi
95%
Centrocampista Spagna Barcellona Xavi
95%
Centrocampista Spagna Barcellona Xavi
95%
Centrocampista Spagna Barcellona Xavi
95%
Centrocampista Spagna Barcellona Xavi
95%
Centrocampista Spagna Barcellona Xavi
95%
Attaccante Svezia Paris Saint-Germain Zlatan Ibrahimović
95%
Difensore Italia Milan Alessandro Nesta
90%
Difensore Italia Milan Alessandro Nesta
90%
Difensore Brasile Milan Cafu
90%
Difensore Spagna Barcellona Carles Puyol
90%
Difensore Spagna Barcellona Carles Puyol
90%
Difensore Spagna Barcellona Carles Puyol
90%
Centrocampista Brasile Real Madrid / Manchester United Casemiro
90%
Difensore Austria Bayern Monaco / Real Madrid David Alaba
90%
Portiere Spagna Manchester United David de Gea
90%
Centrocampista Belgio Chelsea Eden Hazard
90%
Centrocampista Belgio Chelsea / Real Madrid Eden Hazard
90%
Attaccante Spagna Liverpool Fernando Torres
90%
Attaccante Spagna Liverpool Fernando Torres
90%
Centrocampista Paesi Bassi Ajax / Barcellona Frenkie de Jong
90%
Difensore Brasile Real Madrid Marcelo
90%
Difensore Brasile Real Madrid Marcelo
90%
Difensore Brasile Real Madrid Marcelo
90%
Difensore Brasile Real Madrid Marcelo
90%
Difensore Brasile Real Madrid Marcelo
90%
Difensore Brasile Real Madrid Marcelo
90%
Difensore Paesi Bassi Ajax / Juventus Matthijs de Ligt
90%
Difensore Serbia Manchester United Nemanja Vidić
90%
Difensore Serbia Manchester United Nemanja Vidić
90%
Centrocampista Francia Juventus Paul Pogba
90%
Difensore Germania Bayern Monaco Philipp Lahm
90%
Difensore Germania Bayern Monaco Philipp Lahm
90%
Attaccante 'Inghilterra Manchester United Wayne Rooney
90%
Centrocampista Bassi Inter Wesley Sneijder
90%
Centrocampista Francia Real Madrid Zinédine Zidane
90%
Centrocampista Francia Real Madrid Zinédine Zidane
90%
Difensore Canada Bayern Monaco Alphonso Davies
86%
Attaccante Ucraina Milan Andrij Shevchenko
86%
Centrocampista Argentina Real Madrid / Manchester United Ángel Di María
86%
Attaccante Spagna Valencia / Barcellona David Villa
86%
Centrocampista Francia Bayern Monaco Franck Ribéry
86%
Difensore Francia Juventus / Barcellona Lilian Thuram
86%
Difensore Francia Real Madrid Raphaël Varane
86%
Difensore Inghilterra Liverpool Trent Alexander-Arnold
86%
Difensore Brasile Chelsea / Paris Saint-Germain David Luiz
81%
Centrocampista Inghilterra Chelsea Frank Lampard
81%
Centrocampista Germania Bayern Monaco Joshua Kimmich
81%
Difensore Portogallo Manchester City Rúben Dias
81%
Centrocampista Spagna Real Madrid Xabi Alonso
81%
Centrocampista Spagna Real Madrid Xabi Alonso
81%
Difensore Portogallo Manchester City João Cancelo
76%
Difensore Brasile Inter Lúcio
76%
Attaccante Colombia Atlético Madrid Radamel Falcao
76%
Difensore Inghilterra Manchester United Rio Ferdinand
76%
Centrocampista Spagna Bayern Monaco / Liverpool Thiago Alcántara
76%
Difensore Francia Manchester United Patrice Evra
67%
Difensore Brasile Barcellona Daniel Alves
62%
Difensore Brasile Barcellona Daniel Alves
62%
Difensore Brasile Barcellona Daniel Alves
62%
Difensore Brasile Barcellona Daniel Alves
62%
Centrocampista Francia Chelsea Claude Makélélé
52%
Nessun quiz corrispondente trovato
Distribuzione punteggi
Percentuale di utenti per punteggio
Percentile per numero di risposta
I tuoi punteggi nel tempo
Non hai fatto questo quiz